000 00852pam a2200277 a 4500
001 1035064
003 ARRUPE
005 20150327104453.0
008 890117s1989 nyua b 001 0 eng
010 _a 89005325
020 _a0471097632
040 _aDLC
_cDLC
_dDLC
050 0 0 _aQA21
_b.B767 1989
082 0 0 _a510/.9
_219
100 1 _aBoyer, Carl B.
_q(Carl Benjamin),
_d1906-1976.
_915872
245 1 2 _aA history of mathematics /
_cCarl B. Boyer.
250 _a2nd ed. /
_brevised by Uta C. Merzbach.
260 _aNew York :
_bWiley,
_cc1989.
300 _axviii, 715 p. :
_bill. ;
_c25 cm.
500 _aIncludes index.
504 _aBibliography: p. 713-723.
650 0 _aMathematics
_xHistory.
_914019
700 1 _aMerzbach, Uta C.,
_d1933-
_915873
906 _a7
_bcbc
_corignew
_d1
_eocip
_f19
_gy-gencatlg
942 _2lcc
_cMONOGRAPH
999 _c122298
_d122298